000 00933nam a2200277 a 4500
003 CO-BoRNBP
005 20241001092800.0
007 ta
008 040213s2002----ck-a---gr-----000-0-spa-d
040 _aCO-BoUNC
_bspa
_cCO-BoRNBP
_erda
082 0 4 _a371.911 S15c3
_221
100 1 _aSánchez Cantor, Gladys
_942556
245 1 0 _aCartilla Ábaco :
_btercera parte /
_cGladys Sánchez Cantor, Gloria Janneth Peña Castañeda
250 _aPrimera edición
300 _a29 p.
_bil.
336 _2rdacontenido
_atexto
_btxt
337 _2rdamedio
_asin mediación
_bn
338 _2rdasoporte
_avolumen
_bnc
504 _aBibliografía : p.29
650 1 7 _aAbaco
_xEnseñanza
_2LEMB
_942557
650 1 7 _aEducación de ciegos
_vManuales
_2LEMB
_942558
650 1 7 _aMatemáticas
_xEnseñanza
_2LEMB
_942559
700 1 _aPeña Castañeda, Gloria Janneth
_942560
710 2 _aInstituto Nacional para Ciegos (INCI)
_942561
942 _2ddc
_cBK
999 _c38362
_d38362